LEADER 02620nam 22006253u 450 001 9910791231003321 005 20230725015542.0 010 $a1-282-69569-X 010 $a9786612695698 010 $a0-472-02509-0 035 $a(CKB)2560000000013007 035 $a(EBL)3414759 035 $a(SSID)ssj0000424257 035 $a(PQKBManifestationID)11267412 035 $a(PQKBTitleCode)TC0000424257 035 $a(PQKBWorkID)10470260 035 $a(PQKB)11478133 035 $a(MiAaPQ)EBC3414759 035 $a(EXLCZ)992560000000013007 100 $a20151005d2010|||| u|| | 101 0 $aeng 135 $aur|n|---||||| 181 $ctxt 182 $cc 183 $acr 200 10$aNot the Other Avant-Garde$b[electronic resource] $eThe Transnational Foundations of Avant-Garde Performance 210 $aAnn Arbor $cUniversity of Michigan Press$d2010 215 $a1 online resource (313 p.) 225 1 $aTheater: Theory/Text/Performance 300 $aDescription based upon print version of record. 311 $a0-472-06931-4 327 $a""Contents""; ""Introduction / James M. Harding and John Rouse""; ""From Cutting Edge to Rough Edges: On the Transnational Foundations of Avant-Garde Performance / James M. Harding""; ""The TDR Black Theatre Issue: Refiguring the Avant-Garde / Harry J. Elam, Jr.""; ""Avant-Garde and Performance Cultures in Africa / Joachim Fiebach""; ""The Other Avant-Garde: The Theater of Radical Aesthetics and the Poetics and Politics of Performance in Contemporary Africa / John Conteh-Morgan""; ""Avant-Garde Drama in the Middle East / Marvin Carlson"" 410 0$aTheater: Theory/Text/Performance 606 $aExperimental drama -- 20th century -- History and criticism 606 $aExperimental theater -- History -- 20th century 606 $aExperimental theater$xHistory$y20th century 606 $aExperimental drama$xHistory and criticism$y20th century 606 $aMusic, Dance, Drama & Film$2HILCC 606 $aDrama$2HILCC 615 4$aExperimental drama -- 20th century -- History and criticism. 615 4$aExperimental theater -- History -- 20th century. 615 0$aExperimental theater$xHistory 615 0$aExperimental drama$xHistory and criticism 615 7$aMusic, Dance, Drama & Film 615 7$aDrama 676 $a792.0223 700 $aHarding$b James M$01472585 701 $aRouse$b John$0945257 801 0$bAU-PeEL 801 1$bAU-PeEL 801 2$bAU-PeEL 906 $aBOOK 912 $a9910791231003321 996 $aNot the Other Avant-Garde$93685425 997 $aUNINA LEADER 04741oam 2201201 c 450 001 9910971465303321 005 20260302090207.0 010 $a9783957437471 010 $a3957437474 024 7 $a10.30965/9783957437471 035 $a(CKB)4100000010136588 035 $a(nllekb)BRILL9783957437471 035 $a(MiAaPQ)EBC6516246 035 $a(Au-PeEL)EBL6516246 035 $a(OCoLC)1243553744 035 $a(Brill | mentis)9783957437471 035 $a(EXLCZ)994100000010136588 100 $a20260302d2020 uy 0 101 0 $ager 135 $aurun| uuuua 181 $ctxt$2rdacontent 182 $cc$2rdamedia 183 $2rdacarrier 200 00$aMetaphernforschung in interdisziplinären und interdiskursiven Perspektiven$fGesine Lenore Schiewer, Ralph Müller, Tibor ?ilka, Ulrike Schröder, Alexander Ziem, Peter Fuchs, Rüdiger Zill, Andreas Brenneis, Thomas Eder, Mihály Szívós, Juliana Goschler, Vanessa Albus, Swetlana Vogt, Peter Indefrey, Sibylle Moser, Anke Beger, Rebecca Netzel, Beatrix Fehse, Csatár Péter, Tamás Kispál, Roman Mikulá?, Katja Mellmann, Ralf Schneider, Rüdiger Zymner 205 $a1st ed. 210 $aPaderborn$cBrill | mentis$d2020 215 $a1 online resource 225 0 $aPoetogenesis - Studien zur empirischen Anthropologie der Literatur$v12 311 08$a9783957431905 311 08$a3957431905 320 $aIncludes bibliographical references. 330 $aMetaphern begleiten unseren Alltag auf Schritt und Tritt, sie prägen unsere Wirklichkeit. Im metaphorischen Vollzug wird sichtbar, in welcher Weise unsere Orientierungsräume entstehen. In diesem Band wird dieser Vollzug aus mehreren disziplinären Perspektiven beleuchtet. An und in Metaphern können wir den kommunikativ-konstruktiven Charakter der Wirklichkeit erkennen. Daher ist es angebracht, nach der Leistung der Metaphern zu fragen und danach, wie Metaphern unser Denken und Handeln ermöglichen und (re)strukturieren. Sie werden daher nicht als sprachliche System-Phänomene aufgefasst, sondern als eine besondere Art der Kopplung zwischen Kognition und Kommunikation. In dieser interdisziplinären Perspektive wird untersucht, wie Metaphern im Spannungsfeld zwischen Kognition und Kommunikation operieren und wie sie an dem, was wir Wirklichkeit nennen, konstitutiv beteiligt sind. 410 0$aPoetogenesis ;$vVolume 12. 606 $aLiteraturwissenschaft 606 $aKognitionsforschung 606 $aPhilosophie 606 $aMedien 606 $aDiskursanalyse 606 $aPädagogik 606 $aDidaktik 606 $aKognitive Linguistik 606 $aPsycholinguistik 606 $aNeurolinguistik 606 $aliterary studies 606 $acognitive research 606 $amedia 606 $aphilosophy 606 $adiscourse analysis 606 $apedagogy 606 $acognitive linguistics 606 $apsycholinguistics 606 $aneurolinguistics 615 4$aLiteraturwissenschaft 615 4$aKognitionsforschung 615 4$aPhilosophie 615 4$aMedien 615 4$aDiskursanalyse 615 4$aPädagogik 615 4$aDidaktik 615 4$aKognitive Linguistik 615 4$aPsycholinguistik 615 4$aNeurolinguistik 615 4$aliterary studies 615 4$acognitive research 615 4$amedia 615 4$aphilosophy 615 4$adiscourse analysis 615 4$apedagogy 615 4$acognitive linguistics 615 4$apsycholinguistics 615 4$aneurolinguistics 676 $a808.032 702 $aSchiewer$b Gesine Lenore$4ctb 702 $aMüller$b Ralph$4ctb 702 $a?ilka$b Tibor$4ctb 702 $aSchröder$b Ulrike$4ctb 702 $aZiem$b Alexander$4ctb 702 $aFuchs$b Peter$4ctb 702 $aZill$b Rüdiger$4ctb 702 $aBrenneis$b Andreas$4ctb 702 $aEder$b Thomas$4ctb 702 $aSzívós$b Mihály$4ctb 702 $aGoschler$b Juliana$4ctb 702 $aAlbus$b Vanessa$4ctb 702 $aVogt$b Swetlana$4ctb 702 $aIndefrey$b Peter$4ctb 702 $aMoser$b Sibylle$4ctb 702 $aBeger$b Anke$4ctb 702 $aNetzel$b Rebecca$4ctb 702 $aFehse$b Beatrix$4ctb 702 $aPéter$b Csatár$4ctb 702 $aKispál$b Tamás$4ctb 702 $aMikulá?$b Roman$4edt 702 $aMellmann$b Katja$4edt 702 $aSchneider$b Ralf$4edt 702 $aZymner$b Rüdiger$4edt 801 0$bMiAaPQ 801 1$bMiAaPQ 801 2$bMiAaPQ 906 $aBOOK 912 $a9910971465303321 996 $aMetaphernforschung in interdisziplina?ren und interdiskursiven Perspektiven$94302295 997 $aUNINA